000 00511nam a2200193 a 4500
001 1768117515567
003 YourLibrary
005 20260112125813.0
008 260111s2008##################000#0#eng##
020 _a9780470222690
082 0 4 _a302.2244
_bMOR
100 1 _aMorocco, Catherine Cobb,
_eauthor.
245 1 0 _aSupported Literacy for Adolescents :
260 _bJossey-Bass,
_c2008.
300 _a244 pages
650 0 _aEducation.
942 _cENGLISH
040 _aYourLibrary
_beng
_cYourLibrary
999 _c608252
_d608252